Statistics for First word movie titles

Click here to take the quiz!

General Stats

  • This quiz has been taken 4 times
  • The average score is 2 of 15

Answer Stats

HintAnswer% Correct
____ BoiledHard
75%
(The) ______ ShowTruman
75%
____ of GodCity
25%
______ BoulevardSunset
25%
_____ Smell of SuccessSweet
25%
_____ NarcissusBlack
0%
________ To The GallowsElevator
0%
________ of MurderMemories
0%
__________ Actress
Millennium
0%
_________: A Life in Four ChaptersMishima
0%
_______ BluePerfect
0%
_______ ThreadPhantom
0%
__________, New YorkSynecdoche
0%
______ of BloodThrone
0%
________ of SadnessTriangle
0%

Score Distribution

Percentile by Number Answered

Percent of People with Each Score

Your Score History

You have not taken this quiz